[Event "Summer Cup"]
[Site "Wellington Chess Club"]
[Date "2017.01.26"]
[Round "1"]
[White "Croad, Nicolas"]
[Black "Thorpe, Richard"]
[Result "1-0"]
[WhiteElo "2398"]
[BlackElo "1630"]

1. e4 e5 2. Nf3 Nc6 3. Bb5 a6 4. Ba4 Nf6 5. O-O h6 6. Bxc6 dxc6 7. Nxe5 Qd4 8.
Nf3 Qb6 9. c3 Bg4 10. Qe2 O-O-O 11. d4 c5 12. e5 Nd7 13. Nbd2 cxd4 14. cxd4 f6
15. h3 Bxf3 16. Nxf3 fxe5 17. dxe5 Bc5 18. Rb1 g5 19. b4 Rhe8 20. bxc5 Qxb1 21.
c6 Nc5 22. Bxg5 Qd3 23. cxb7+ Nxb7 24. Qxd3 Rxd3 25. Bxh6 Rg8 26. Kh2 Ra3 27.
Ra1 Nc5 28. Be3 Nd3 29. h4 Rg4 30. h5 Re4 31. h6 Nxe5 32. Nxe5 Rxe5 33. g4 Rd3
34. h7 Rd8 35. Bd4 Re7 36. h8=Q Rxh8+ 37. Bxh8 Rh7+ 38. Kg3 Rxh8 39. g5 Kd7 40.
Kg4 Ke6 41. f4 c5 42. Re1+ Kd5 43. g6 c4 44. Kf5 Rf8+ 45. Kg5 c3 46. g7 Rf7 1-0

[Event "Summer Cup"]
[Site "Wellington Chess Club"]
[Date "2017.01.26"]
[Round "1"]
[White "Dive, Russell"]
[Black "Cunningham, Patrick"]
[Result "1-0"]
[WhiteElo "2440"]
[BlackElo "1717"]

1. Nf3 c5 2. c4 g6 3. d4 Bg7 4. d5 Nf6 5. Nc3 O-O 6. e4 d6 7. Be2 Bg4 8. O-O
Nbd7 9. Re1 Bxf3 10. Bxf3 Ne5 11. Be2 a6 12. f4 Ned7 13. a4 Ne8 14. Be3 f5 15.
exf5 Rxf5 16. Qd2 Bd4 17. Bxd4 cxd4 18. Qxd4 Nc5 19. Qe3 Ng7 20. b4 Nd7 21. Ne4
Qb6 22. Bg4 Rxf4 23. Bxd7 Rxe4 24. Qxb6 1-0

[Event "Summer Cup"]
[Site "Wellington Chess Club"]
[Date "2017.01.26"]
[Round "1"]
[White "Dixon, Hamish"]
[Black "Ker, Anthony"]
[Result "0-1"]
[WhiteElo "1724"]
[BlackElo "2461"]

1. e4 d6 2. Nf3 Nf6 3. Nc3 g6 4. d4 Bg7 5. Bc4 O-O 6. O-O Nxe4 7. Nxe4 d5 8.
Bxd5 Qxd5 9. Re1 Nc6 10. c3 Bf5 11. Qe2 Rfe8 12. Bf4 e5 13. dxe5 Nxe5 14. Nxe5
Bxe5 15. Ng3 Bxf4 16. Qxe8+ Rxe8 17. Rxe8+ Kg7 18. Nxf5+ Qxf5 19. g3 Bd6 20.
Rae1 h5 21. R8e4 g5 22. h4 Bc5 23. R1e2 Qf3 0-1

[Event "Summer Cup"]
[Site "Wellington Chess Club"]
[Date "2017.01.26"]
[Round "1"]
[White "Jackson, Ross"]
[Black "Van der Anker, Juan"]
[Result "1-0"]
[WhiteElo "2049"]
[BlackElo "1500"]

1. d4 d5 2. c4 dxc4 3. e3 Nf6 4. Bxc4 e6 5. Nc3 Be7 6. Nf3 O-O 7. O-O b6 8. Qe2
Bb7 9. e4 Nc6 10. Rd1 Na5 11. Bd3 c5 12. dxc5 Bxc5 13. Bg5 Be7 14. Rac1 Rc8 15.
Bb5 Rxc3 16. Rxd8 Rxc1+ 17. Bxc1 Rxd8 18. Nd2 Nxe4 19. Nxe4 Bxe4 20. f3 Bd5 21.
b3 Bf6 22. Bb2 Be7 23. Kf2 Bb7 24. Bc3 Bg5 25. Kg3 Rd5 26. h4 Be7 27. Bd3 h5
28. Be4 Rd7 29. Qb5 Rc7 30. Qe8+ Bf8 31. Be5 Re7 32. Bh7+ Kxh7 33. Qxf8 f6 34.
Qxe7 fxe5 35. Qxe6 Nc6 36. Qd7 Na5 37. b4 Bc6 38. Qf5+ Kg8 39. bxa5 1-0

[Event "Summer Cup"]
[Site "Wellington Chess Club"]
[Date "2017.01.26"]
[Round "1"]
[White "Konakanchi, Karthik"]
[Black "Wilkins, Mark"]
[Result "0-1"]
[WhiteElo "1484"]
[BlackElo "1969"]

1. e4 c5 2. Nf3 g6 3. c3 Bg7 4. d4 cxd4 5. cxd4 Nc6 6. Nc3 Nf6 7. Bc4 Nxe4 8.
Nxe4 d5 9. O-O O-O 10. Bxd5 Qxd5 11. Nc3 Qh5 12. Ng5 Qxd1 13. Rxd1 Nxd4 14. Be3
Nc2 15. Rac1 Nxe3 16. fxe3 Bh6 17. h4 f6 18. Nd5 fxg5 19. Nxe7+ Kh8 20. Rc7
gxh4 21. Nxc8 Raxc8 22. Rxb7 Bxe3+ 23. Kh1 Rc1 24. Rxc1 Bxc1 25. a4 Bf4 26. a5
Bd6 27. Kg1 a6 28. b4 Bg3 29. b5 Re8 30. Rf7 Re1+ 31. Rf1 Rxf1+ 32. Kxf1 axb5
33. a6 Bb8 34. Ke2 g5 35. Kd3 g4 0-1

[Event "Summer Cup"]
[Site "Wellington Chess Club"]
[Date "2017.01.26"]
[Round "1"]
[White "Konakanchi, Pramodh"]
[Black "Stracy, Don"]
[Result "0-1"]
[WhiteElo "1191"]
[BlackElo "1747"]

1. e4 c5 2. Nf3 e6 3. Nc3 Nc6 4. Bc4 a6 5. a4 d6 6. d3 Nf6 7. Be3 Be7 8. O-O
O-O 9. Qe2 Bd7 10. h3 Qc7 11. Qd2 Na5 12. b3 Rfb8 13. Rfb1 b5 14. axb5 axb5 15.
Bxb5 Bxb5 16. Bf4 e5 17. Bg5 Bc6 18. Bxf6 Bxf6 19. Nd5 Bxd5 20. exd5 e4 21.
dxe4 Bxa1 22. Rxa1 Nxb3 23. cxb3 Rxa1+ 24. Kh2 Rxb3 25. Qc2 Qb6 26. e5 Rxf3 27.
gxf3 dxe5 28. Qf5 Ra8 29. Qxe5 Rd8 30. f4 Qd6 31. Qxd6 Rxd6 32. Kg3 Rxd5 33. h4
c4 0-1

[Event "Summer Cup"]
[Site "Wellington Chess Club"]
[Date "2017.01.26"]
[Round "1"]
[White "Pomeroy, Arthur"]
[Black "Rabina, Romeo"]
[Result "1-0"]
[WhiteElo "2137"]
[BlackElo "1600"]

1. e4 b6 2. d4 e6 3. Nc3 Bb7 4. Bd3 Bb4 5. a3 Be7 6. Nf3 Nf6 7. e5 Nd5 8. Ne4
c5 9. c4 Nc7 10. dxc5 bxc5 11. O-O O-O 12. Be3 Nba6 13. Nfg5 h6 14. Qh5 Bc6 15.
f4 Rb8 16. Rf3 Rb3 17. Rd1 Rxb2 18. Rg3 Qa8 19. Nf6+ Bxf6 20. exf6 Rxg2+ 21.
Rxg2 Bxg2 22. fxg7 Kxg7 23. Qg4 hxg5 24. Qxg5+ Kh8 25. Qh6+ Kg8 1-0

[Event "Summer Cup"]
[Site "Wellington Chess Club"]
[Date "2017.01.26"]
[Round "1"]
[White "Rose, Nathan"]
[Black "Rossiter, Philip"]
[Result "0-1"]
[WhiteElo "1406"]
[BlackElo "1900"]

1. e4 e6 2. d4 d5 3. exd5 exd5 4. Nf3 Nf6 5. c4 Be7 6. Nc3 Bg4 7. cxd5 Nxd5 8.
Bc4 c6 9. Qb3 O-O 10. Nxd5 Bxf3 11. gxf3 cxd5 12. Bxd5 Nc6 13. Bxc6 bxc6 14.
Be3 Rb8 15. Qc2 Bb4+ 16. Kf1 Qd5 17. Kg2 Rfe8 18. a3 Bf8 19. b4 Re6 20. Qd1 Qf5
21. Rg1 Rbe8 22. Kh1 Qh5 23. Rg2 Bd6 24. f4 Qd5 25. Qd3 Rg6 26. Rg1 Qf3 (26...
Bxf4 $1) 27. Qf5 h5 (27... Ree6 28. d5 Rxg2 29. Rxg2 Rg6 $19) 28. h3 Ree6 29.
Kh2 Ref6 30. Qc8+ Kh7 31. Rxg6 fxg6 32. Qd8 Bxf4+ 33. Bxf4 Qxf4+ 34. Rg3 h4 0-1

[Event "Summer Cup"]
[Site "Wellington Chess Club"]
[Date "2017.01.26"]
[Round "1"]
[White "Sole, Michael"]
[Black "Timergazi, Layla"]
[Result "0-1"]
[WhiteElo "1654"]
[BlackElo "2117"]

1. e4 c6 2. Nc3 d5 3. Nf3 Bg4 4. Be2 e6 5. d4 Bb4 6. Nd2 Bxe2 7. Qxe2 dxe4 8.
Ncxe4 Nf6 9. c3 Be7 10. O-O O-O 11. Nxf6+ Bxf6 12. Ne4 Nd7 13. Qg4 Kh8 14. Qh5
Nb6 15. Nxf6 Qxf6 16. Qg5 Qxg5 17. Bxg5 Rfe8 18. Rfe1 Na4 19. Re2 f6 20. Bf4
Kg8 21. Rae1 Kf7 22. Rc2 Nb6 23. c4 Rad8 24. Be3 e5 25. dxe5 Rxe5 26. f4 Re4
27. b3 Rde8 28. Kf2 Nd7 29. Rce2 f5 30. Bd2 Nc5 31. Rxe4 Nxe4+ 32. Ke3 c5 33.
Ke2 Nc3+ 34. Kf1 Rxe1+ 35. Kxe1 Nxa2 36. h3 Ke6 37. g4 g6 38. Ke2 a6 39. Kf3 b5
40. cxb5 axb5 41. Ke3 Kd5 42. Kd3 c4+ 43. bxc4+ bxc4+ 44. Kc2 Kd4 45. Ba5 Kc5
46. gxf5 gxf5 47. h4 Nb4+ 48. Kd2 Nd5 49. Bd8 Nxf4 50. Bg5 Nd5 51. Ke2 Kd4 52.
Kd2 f4 0-1

[Event "Summer Cup"]
[Site "Wellington Chess Club"]
[Date "2017.01.26"]
[Round "1"]
[White "Stoeveken, Peter"]
[Black "Theodosiou, Andreas"]
[Result "1-0"]
[WhiteElo "1863"]
[BlackElo "1392"]

1. d4 Nf6 2. Bg5 e6 3. e4 d6 4. Bd3 Be7 5. Nf3 c5 6. c3 cxd4 7. cxd4 d5 8. e5
Ne4 9. Bxe7 Qxe7 10. Bxe4 dxe4 11. Nfd2 Qb4 12. Qc2 Nc6 13. Nc3 Nxd4 14. Qb1
Nc6 15. O-O Nxe5 16. Ndxe4 O-O 17. Re1 Qe7 18. Ng3 Ng4 19. Qe4 f5 20. Qe2 Qh4
21. h3 Nf6 22. Nb5 Rf7 23. Qe5 Bd7 24. Nd6 Rff8 25. Nxb7 f4 26. Ne4 f3 27.
Nxf6+ Rxf6 28. Re4 Qh6 29. Rg4 fxg2 30. Rxg2 Qxh3 $2 (30... Bc6 $17) 31. Qxf6
g6 $4 (31... Qxg2+ 32. Kxg2 gxf6 $15) 32. Rc1 Be8 33. Rc7 Qh6 34. Qxe6+ Kh8 35.
Rc8 Rxc8 36. Qxc8 Qg7 37. Qxe8+ 1-0

[Event "Summer Cup"]
[Site "Wellington Chess Club"]
[Date "2017.01.26"]
[Round "1"]
[White "Wight, Joshua"]
[Black "Nijman, Brian"]
[Result "0-1"]
[WhiteElo "1629"]
[BlackElo "2192"]

1. e4 e6 2. Nf3 d5 3. exd5 exd5 4. Be2 Bd6 5. d3 Nf6 6. Nc3 c6 7. h3 Nbd7 8.
O-O O-O 9. a3 Re8 10. Re1 Nf8 11. Nd4 c5 12. Nb3 d4 13. Na2 Bf5 14. c3 Bc7 15.
Bd2 Qd6 16. f4 Ng6 17. Qc1 Nd5 18. cxd4 Ndxf4 19. Bxf4 Nxf4 20. dxc5 Nxh3+ 0-1

[Event "Summer Cup"]
[Site "Wellington Chess Club"]
[Date "2017.02.02"]
[Round "2"]
[White "Bennett, Ezra"]
[Black "He, Paul"]
[Result "0-1"]
[WhiteElo "1458"]
[BlackElo "957"]

1. Nf3 d5 2. d4 c5 3. g3 cxd4 4. Bg2 Nc6 5. Nxd4 Nxd4 6. Qxd4 e6 7. Bd2 Nf6 8.
c4 g6 9. cxd5 Bg7 10. d6 O-O 11. Bf4 Nh5 12. Be5 Bxe5 13. Qxe5 Nf6 14. Nd2 Ne8
15. Nc4 a6 16. Rd1 Bd7 17. Bh3 b5 18. Nd2 Bc6 19. Ne4 Bxe4 20. Qxe4 Nxd6 21.
Qc6 Qa5+ 22. Kf1 Nc4 23. Kg2 Qxa2 24. b4 Qxe2 25. Qf3 Qxf3+ 26. Kxf3 Rad8 27.
Rhe1 Ne5+ 28. Kg2 {incomprehensible scoresheets, black won} 0-1

[Event "Summer Cup"]
[Site "Wellington Chess Club"]
[Date "2017.02.02"]
[Round "2"]
[White "Brockway, Andrew"]
[Black "Croad, Nicolas"]
[Result "0-1"]
[WhiteElo "1826"]
[BlackElo "2398"]

1. e4 c5 2. Nc3 Nc6 3. Bb5 Nd4 4. Bc4 e6 5. Nge2 Nf6 6. d3 d5 7. Bb3 Nxb3 8.
axb3 dxe4 9. Nxe4 Nxe4 10. dxe4 Qxd1+ 11. Kxd1 Bd7 12. c4 g6 13. Bd2 Bc6 14. f3
h5 15. h4 a6 16. Bc3 Rg8 17. Bf6 Kd7 18. Kc2 b5 19. Rhd1+ Kc7 20. Nc3 Bh6 21.
Bg5 Bg7 22. Be3 Bf6 23. Bg5 Bxg5 24. hxg5 Rh8 25. Rd2 h4 26. Rh1 Rh5 27. Rh3
Rah8 28. g3 Rxg5 29. gxh4 Rgh5 30. Rg3 Rxh4 31. Nd1 Rh3 32. Rxh3 Rxh3 33. Rf2
f5 34. exf5 gxf5 35. f4 Be4+ 36. Kc1 Rxb3 37. cxb5 axb5 38. Nc3 Bc6 39. Re2 Kd6
40. Rd2+ Ke7 41. Rh2 Rb4 42. Rh7+ Kd6 0-1

[Event "Summer Cup"]
[Site "Wellington Chess Club"]
[Date "2017.02.02"]
[Round "2"]
[White "Cunningham, Patrick"]
[Black "Konakanchi, Karthik"]
[Result "0-1"]
[WhiteElo "1717"]
[BlackElo "1484"]

1. d4 d5 2. e3 Nf6 3. Nf3 Bf5 4. Nbd2 Nbd7 5. Be2 g6 6. O-O Bg7 7. Re1 O-O 8.
c3 b6 9. Nf1 c5 10. Ng3 Be4 11. Nd2 e6 12. Ndxe4 Nxe4 13. Nxe4 dxe4 14. Qc2 Nf6
15. Bd2 Rc8 16. Qa4 Qc7 17. Rac1 Rfd8 18. Red1 Ra8 19. b4 cxb4 20. cxb4 Qd6 21.
Rc6 Qd7 22. Bb5 a6 23. Rxb6 axb5 24. Qxb5 Rxa2 25. Qe5 Nd5 26. Qxe4 Nxb6 27. b5
Nc4 28. Bb4 Qxb5 29. Be7 Rda8 30. g3 Nd2 31. Rxd2 Ra1+ 32. Kg2 Qf1+ 0-1

[Event "Summer Cup"]
[Site "Wellington Chess Club"]
[Date "2017.02.02"]
[Round "2"]
[White "Ker, Anthony"]
[Black "Jackson, Ross"]
[Result "1-0"]
[WhiteElo "2461"]
[BlackElo "2049"]

1. e4 c5 2. c3 Nf6 3. e5 Nd5 4. Bc4 Nb6 5. Bb3 Nc6 6. Nf3 e6 7. d4 d6 8. Qe2
Be7 9. O-O O-O 10. Rd1 Qc7 11. Na3 a6 12. Qe4 d5 13. Qg4 cxd4 14. Bh6 g6 15.
Bxf8 Bxf8 16. cxd4 Qd8 17. h4 Bd7 18. h5 Rc8 19. Rac1 Bh6 20. Rc5 Nb4 21. hxg6
hxg6 22. Nc2 Nxc2 23. Bxc2 Na4 24. Rxc8 Qxc8 25. Bxg6 fxg6 26. Qxg6+ Bg7 27.
Ng5 Nxb2 28. Rb1 Na4 29. Re1 Nc3 30. Qf7+ Kh8 31. Re3 Ne2+ 32. Kh2 1-0

[Event "Summer Cup"]
[Site "Wellington Chess Club"]
[Date "2017.02.02"]
[Round "2"]
[White "Kibblewhite, Daniel"]
[Black "Konakanchi, Karthik"]
[Result "1/2-1/2"]
[WhiteElo "1550"]
[BlackElo "1484"]

1. e4 e5 2. Nf3 Nc6 3. Bc4 Nd4 4. Nxe5 Ne6 5. O-O Qf6 6. Ng4 Qf4 7. d3 Qd6 8.
Be3 Be7 9. h3 Bf6 10. Nxf6+ Nxf6 11. Nc3 O-O 12. d4 Qe7 13. e5 Ne8 14. Ne4 b6
15. d5 Nc5 16. Nxc5 bxc5 17. Bf4 Qh4 18. Qg4 Qxg4 19. hxg4 d6 20. f3 dxe5 21.
Bxe5 Nd6 22. Bb3 c4 23. Ba4 Bb7 24. Rad1 Rfe8 25. Bxe8 Nxe8 26. Rfe1 h6 27. Re4
Ba6 28. Bc3 Nd6 29. Re7 Ne8 30. Rde1 Bb5 31. Bb4 a5 32. Bc5 Rd8 33. Rd1 Rd7 34.
Rxd7 Bxd7 35. Rd4 Bb5 36. Ba7 Nf6 37. Bb8 c5 38. dxc6 Ne8 1/2-1/2

[Event "Summer Cup"]
[Site "Wellington Chess Club"]
[Date "2017.02.02"]
[Round "2"]
[White "Meravanage, Satwik"]
[Black "Winter, Ryan"]
[Result "1/2-1/2"]
[WhiteElo "1524"]
[BlackElo "1592"]

1. e4 c6 2. d4 d5 3. Nc3 dxe4 4. Nxe4 Nd7 5. Nf3 Ngf6 6. Bd3 Nxe4 7. Bxe4 Nf6
8. Bd3 Bg4 9. Be3 e6 10. O-O Bd6 11. c3 Qc7 12. h3 h5 13. hxg4 hxg4 14. g3 gxf3
15. Qxf3 O-O-O 16. Kg2 e5 17. dxe5 Bxe5 18. Bc4 Nd5 19. Bxa7 f6 20. Qg4+ Qd7
21. Qxd7+ Rxd7 22. Rh1 Re8 23. Rad1 1/2-1/2

[Event "Summer Cup"]
[Site "Wellington Chess Club"]
[Date "2017.02.02"]
[Round "2"]
[White "Nijman, Brian"]
[Black "Farrington, Lawrence"]
[Result "1-0"]
[WhiteElo "2192"]
[BlackElo "1755"]

1. d4 d5 2. Bg5 Nf6 3. Nc3 e6 4. e4 dxe4 5. Nxe4 Be7 6. Nxf6+ Bxf6 7. Bxf6 Qxf6
8. Nf3 Nc6 9. Bb5 Bd7 10. O-O Rd8 11. Re1 O-O 12. c3 Nb8 13. Qb3 Bxb5 14. Qxb5
b6 15. Rad1 Rd5 16. Qa4 Ra5 17. Qc4 Qd8 18. a3 Rd5 19. h3 c5 20. Qa4 a5 21. c4
Rd6 22. dxc5 Rxd1 23. Rxd1 Qc7 24. cxb6 Qxb6 25. Qb5 Qa6 26. Ne5 f6 27. Qxa6
Nxa6 28. Nc6 a4 29. Rd6 Nc5 30. Nd4 e5 31. Nb5 Rc8 32. Nc3 Nb3 33. Ra6 Rxc4 34.
Rxa4 Rc8 35. Rb4 Nd4 36. Rb7 Nc2 37. Nd5 Rd8 38. Ne7+ Kf8 39. Nf5 Rd1+ 40. Kh2
g6 41. Ne3 Nxe3 42. fxe3 h6 43. Kg3 Rd2 44. a4 Rd5 45. b4 Rd3 46. Kf2 Ra3 47.
a5 Ra4 48. Ke2 Ke8 49. Kd3 h5 50. Kc4 Ra3 51. Kb5 Rxe3 52. a6 Ra3 53. a7 e4 54.
Rb8+ Kd7 55. a8=Q Rxa8 56. Rxa8 f5 57. Kc4 f4 58. Rg8 f3 59. gxf3 exf3 60. Rxg6
1-0

[Event "Summer Cup"]
[Site "Wellington Chess Club"]
[Date "2017.02.02"]
[Round "2"]
[White "Proctor, Matthew"]
[Black "He, Caleb"]
[Result "0-1"]
[WhiteElo "1392"]
[BlackElo "1145"]

1. e4 e5 2. Nf3 Nc6 3. Bc4 Bc5 4. c3 d6 5. d4 exd4 6. cxd4 Bb6 7. Ng5 Bxd4 8.
Nxf7 Qf6 9. O-O Bxb2 10. Bxb2 Qxb2 11. Nxh8 Qxa1 12. Qh5+ g6 13. Nxg6 Qf6 14.
Ne5+ Kd8 15. Nxc6+ bxc6 16. Bxg8 Ba6 17. Re1 Rb8 18. e5 dxe5 19. Bxh7 Qe6 20.
Rxe5 Qd7 21. Bf5 Bc4 22. Bxd7 Rxb1+ 23. Qd1 Rxd1+ 24. Re1 Rxe1# 0-1

[Event "Summer Cup"]
[Site "Wellington Chess Club"]
[Date "2017.02.02"]
[Round "2"]
[White "Sellen, Ian"]
[Black "Forlong-Ford, Colwyn"]
[Result "1-0"]
[WhiteElo "2080"]
[BlackElo "1737"]

1. c4 e5 2. Nc3 Bc5 3. e3 Nc6 4. a3 b6 5. Nf3 Bb7 6. b4 Bd6 7. d4 exd4 8. exd4
Nf6 9. Bd3 a5 10. b5 Na7 11. O-O O-O 12. Ng5 c6 13. Nce4 Nxe4 14. Nxe4 Qc7 15.
Qh5 f5 16. Ng5 h6 17. Nf3 cxb5 18. Bxh6 $1 {too tempting} 18... Bxf3 19. Qg6 $2
( {not the best} 19. gxf3 $1 Bxh2+ 20. Kh1 gxh6 $2 21. Rg1+ $1 $18) 19... Rf7
$2 (19... Bxh2+ 20. Kh1 d5 $1 21. Bxf5 Rxf5 22. Qxf5 Be4 23. Qg4 bxc4 $17) 20.
Bxf5 Bc6 21. Qh7+ Kf8 22. Qh8+ Ke7 23. Bg5+ Rf6 24. Qxg7+ 1-0

[Event "Summer Cup"]
[Site "Wellington Chess Club"]
[Date "2017.02.02"]
[Round "2"]
[White "Stracy, Don"]
[Black "Wevers, Alexis"]
[Result "1-0"]
[WhiteElo "1747"]
[BlackElo "1649"]

1. e4 c5 2. Nf3 a6 3. c4 Nc6 4. d4 cxd4 5. Nxd4 e5 6. Nxc6 bxc6 7. Nc3 Bc5 8.
Bd3 Ne7 9. O-O d5 10. cxd5 cxd5 11. exd5 Bd4 12. Qf3 Qd6 13. Be3 Rb8 14. Rab1
O-O 15. Rfe1 f5 16. Bxd4 exd4 17. Ne2 Bb7 18. Bc4 Kh8 19. Qf4 Rbd8 20. Qxd6
Rxd6 21. Nxd4 Nxd5 22. Re5 f4 23. Re6 Rd7 24. Bxa6 Bxa6 25. Rxa6 Nb4 26. Ne6
Nxa6 27. Nxf8 Re7 28. Rd1 Kg8 29. Nd7 Kf7 30. Kf1 Ke8 31. Nb6 Nb4 32. a3 Nc2
33. Nc4 Rc7 34. Nd2 Nd4 35. Ne4 Nf5 36. Nc3 g5 37. Nd5 Rb7 38. b4 Kf7 39. Rd3
Ke6 40. Ke2 Rd7 41. Nb6 Nd4+ 42. Kd2 Rd6 43. Nc4 Nb3+ 44. Kc3 Rxd3+ 45. Kxd3
Nc1+ 46. Kd2 Nb3+ 47. Kc3 Nc1 48. a4 Ne2+ 49. Kd3 Ng1 50. a5 g4 51. g3 fxg3 52.
hxg3 Nh3 53. Ke3 Kd7 54. b5 h5 55. a6 Kc7 56. b6+ Kb8 57. Na5 1-0

[Event "Summer Cup"]
[Site "Wellington Chess Club"]
[Date "2017.02.02"]
[Round "2"]
[White "Tagos, Bernardo"]
[Black "Dixon, Hamish"]
[Result "0-1"]
[WhiteElo "1433"]
[BlackElo "1724"]

1. c4 Nf6 2. Nc3 b6 3. d4 Bb7 4. d5 c6 5. Nf3 g6 6. Bg5 Bg7 7. e4 O-O 8. Bd3 d6
9. O-O Nbd7 10. Qd2 Rc8 11. Bh6 Nc5 12. Bc2 a5 13. Bxg7 Kxg7 14. a4 Na6 15. Na2
Nc5 16. Rfe1 Qd7 17. b4 axb4 18. Nxb4 Rfe8 19. Nd4 cxd5 20. cxd5 e6 21. Nb3
exd5 22. exd5 Rxe1+ 23. Rxe1 Nxa4 24. Na1 Nc5 25. h3 Qb5 26. f3 Re8 27. Rxe8
Qxe8 28. Kf2 Qe5 29. Nb3 Nxd5 30. Nxc5 dxc5 31. Nxd5 Bxd5 32. f4 Qd4+ 33. Qxd4+
cxd4 34. g3 b5 35. Ke2 Bc4+ 36. Kd2 Kf6 37. Be4 Ke6 38. g4 f5 39. gxf5+ gxf5
40. Bb1 d3 41. Kc3 Kf6 42. h4 Kg7 43. Bxd3 Bxd3 44. Kxd3 Kh6 0-1

[Event "Summer Cup"]
[Site "Wellington Chess Club"]
[Date "2017.02.02"]
[Round "2"]
[White "Theodosiou, Andreas"]
[Black "Sole, Michael"]
[Result "1-0"]
[WhiteElo "1392"]
[BlackElo "1654"]

1. e4 c5 2. Nf3 d6 3. d4 cxd4 4. Qxd4 Nc6 5. Qa4 Bd7 6. c4 Nf6 7. Nc3 g6 8. Be3
Bg7 9. Qd1 O-O 10. Be2 Rc8 11. b3 h6 12. Qd2 Ng4 (12... Nxe4 13. Nxe4 Bxa1 14.
Bxh6 Bg7) 13. Rc1 Nxe3 14. Qxe3 Qa5 15. a4 Qb4 16. O-O Rfe8 17. Nd5 Qc5 18. Qd2
a5 19. Rb1 Nb4 20. Kh1 Nxd5 21. cxd5 Qb6 22. Bc4 Rc5 23. Qf4 Rec8 24. e5 Bf5
25. Rbe1 dxe5 26. Nxe5 Qd6 27. Qe3 (27. Nd3 Rxc4 28. bxc4 Bxd3 $19) 27... e6
28. dxe6 Rxe5 29. exf7+ Kf8 30. Qg3 Qc7 31. Re3 Rxe3 32. Qxe3 Rd8 (32... Qe7
33. Qxe7+ Kxe7 34. Re1+ Kf8) 33. Re1 Bd7 34. Qe7# 1-0

[Event "Summer Cup"]
[Site "Wellington Chess Club"]
[Date "2017.02.02"]
[Round "2"]
[White "Thorpe, Richard"]
[Black "Rose, Nathan"]
[Result "1-0"]
[WhiteElo "1630"]
[BlackElo "1406"]

1. e4 Nf6 2. e5 Nd5 3. c4 Nb6 4. d4 Nc6 5. Nf3 d6 6. Be2 Bg4 7. d5 Bxf3 8. dxc6
Bxg2 9. cxb7 Bxb7 10. Bf3 Bxf3 11. Qxf3 dxe5 12. O-O c5 13. Rd1 Qc7 14. Nc3 a6
15. Be3 e6 16. Na4 Rc8 17. Nxb6 Qxb6 18. b4 Qc6 19. Qxc6+ Rxc6 20. b5 Rb6 21.
a4 axb5 22. axb5 Rb8 23. Ra7 Rd8 24. Rxd8+ Kxd8 25. Bxc5 Bxc5 26. Ra8+ Kc7 27.
Rxh8 e4 28. Rxh7 Bd4 29. Kf1 Kb6 30. Rh3 Kc5 31. Ra3 Kxc4 32. Ra4+ Kd5 33.
Rxd4+ 1-0

[Event "Summer Cup"]
[Site "Wellington Chess Club"]
[Date "2017.02.02"]
[Round "2"]
[White "Timergazi, Layla"]
[Black "Aldridge, Alan"]
[Result "1-0"]
[WhiteElo "2117"]
[BlackElo "1956"]

1. d4 Nf6 2. c4 e6 3. Nc3 Bb4 4. g3 O-O 5. Bg2 d5 6. Nf3 Ne4 7. Qd3 Nd7 8. O-O
Bxc3 9. bxc3 b6 10. h4 Ba6 11. Nh2 Bxc4 12. Qc2 Nef6 13. g4 h5 14. Bg5 Qe8 15.
Bxf6 Nxf6 16. g5 Ng4 17. Nxg4 hxg4 18. f3 gxf3 19. Rxf3 e5 20. Rf5 exd4 21.
cxd4 Qe3+ 22. Kh2 Qxd4 23. Rh1 Rae8 24. e4 dxe4 25. Rd1 Bd3 26. Qxc7 Rc8 27.
Qf4 Rc2 28. g6 f6 29. Qg4 Rfc8 30. Qh5 R8c6 31. Rd5 1-0

[Event "Summer Cup"]
[Site "Wellington Chess Club"]
[Date "2017.02.02"]
[Round "2"]
[White "Wilkins, Mark"]
[Black "Dive, Russell"]
[Result "0-1"]
[WhiteElo "1969"]
[BlackElo "2440"]

1. d4 Nf6 2. Nc3 c5 3. Nf3 cxd4 4. Nxd4 d5 5. Bf4 Nc6 6. e3 a6 7. Be2 e6 8. O-O
Be7 9. Re1 O-O 10. Bf3 Qb6 11. Rb1 Bd7 12. a3 Rac8 13. g4 Rfd8 14. g5 Ne8 15.
b4 Nxd4 16. exd4 Rxc3 17. Bxd5 Ba4 18. Be4 Rxd4 19. Qh5 g6 20. Qe2 Bxc2 21.
Bxc2 Rxf4 22. Ba4 Nd6 23. Rb3 Rxb3 24. Bxb3 Ne4 25. Rf1 Bxg5 0-1

[Event "Summer Cup"]
[Site "Wellington Chess Club"]
[Date "2017.02.02"]
[Round "2"]
[White "Zhao, Aiden"]
[Black "Wight, Joshua"]
[Result "0-1"]
[WhiteElo "1298"]
[BlackElo "1629"]

1. e4 e5 2. Nf3 Nc6 3. Bc4 Bc5 4. c3 a6 5. d4 exd4 6. cxd4 Ba7 7. O-O d6 8. Ng5
Nh6 9. Nf3 Bg4 10. Be3 Qf6 11. Nbd2 Nxd4 12. Bxd4 Bxd4 13. Qc2 Bxf3 14. Nxf3
Bb6 15. h3 O-O 16. Bd5 Rab8 17. Rfe1 Rfe8 18. Re2 c6 19. Bb3 Bd4 20. Nxd4 Qxd4
21. Rd1 Qe5 22. f3 Rbd8 23. Qc4 Qb5 24. Qxb5 axb5 25. a4 bxa4 26. Bxa4 Kf8 27.
f4 Rd7 28. e5 Rde7 29. Rxd6 Nf5 30. Rd3 f6 31. Rb3 Nd4 32. Ree3 Nxb3 33. Rxb3
fxe5 34. fxe5 Ra8 35. Rb4 b5 36. Bc2 Rxe5 37. Bxh7 Ra4 38. Rb3 Rf4 39. Rd3 Rd5
40. Rc3 Rd6 41. Kh2 g6 42. Ra3 Kg7 43. Ra7+ Rf7 44. Rxf7+ Kxf7 45. Kg3 Kg7 46.
h4 Kxh7 47. Kg4 Rd2 48. g3 Rxb2 49. Kg5 Rh2 50. g4 b4 0-1

[Event "Summer Cup"]
[Site "Wellington Chess Club"]
[Date "2017.02.09"]
[Round "3"]
[White "Croad, Nicolas"]
[Black "Ker, Anthony"]
[Result "1/2-1/2"]
[WhiteElo "2398"]
[BlackElo "2461"]

1. d4 Nf6 2. c4 e6 3. Nc3 Bb4 4. Nf3 Nc6 5. e3 O-O 6. Bd3 d6 7. Bd2 e5 8. d5
Ne7 9. Qc2 c6 10. dxc6 bxc6 11. a3 Ba5 12. c5 Bg4 13. cxd6 Qxd6 14. Ne4 Bxd2+
15. Nfxd2 Nxe4 16. Nxe4 Qh6 17. Qc5 Rfd8 18. Qxe7 Rxd3 19. O-O Qe6 20. Qc7 Rd7
21. Qa5 Rd5 22. Qc3 Qg6 23. Ng3 h5 24. e4 Rd4 25. f3 Be6 26. Ne2 Rad8 27. Nxd4
exd4 28. Qxc6 d3 29. Rad1 Qg5 30. f4 Qg4 31. Qc3 Rc8 32. Qxd3 Bc4 33. Qd2 Bxf1
34. Rxf1 Qe6 35. e5 Qb3 36. f5 Rc2 37. Qg5 Qxb2 38. f6 Qd4+ 39. Kh1 Qg4 40.
Qxg4 hxg4 41. fxg7 Re2 42. Kg1 Rxe5 43. Rf4 f5 44. Ra4 a5 45. Kf2 Kxg7 46. Kg3
Kf6 47. Kf4 Rc5 48. h3 gxh3 49. gxh3 Rc3 50. Rxa5 Rxh3 51. Ra6+ Ke7 52. Kxf5
Kd7 1/2-1/2

[Event "Summer Cup"]
[Site "Wellington Chess Club"]
[Date "2017.02.09"]
[Round "3"]
[White "Day, Fabian"]
[Black "Kibblewhite, Daniel"]
[Result "1-0"]
[WhiteElo "1608"]
[BlackElo "1550"]

1. e4 e6 2. d4 d5 3. Nd2 Nf6 4. e5 Nfd7 5. Bd3 c5 6. c3 Nc6 7. Ne2 c4 8. Bc2
Be7 9. b3 b5 10. a4 cxb3 11. Nxb3 bxa4 12. Rxa4 a5 13. O-O Nb6 14. Ra1 Nc4 15.
f4 Bd7 16. Qd3 a4 17. Nc5 Bxc5 18. dxc5 a3 19. Nd4 Qa5 20. Nb3 Qa7 21. Kh1 Qb7
22. Nd2 Nb2 23. Bxb2 axb2 24. Rxa8+ Qxa8 25. Rb1 Qb7 26. Nb3 g6 27. Rxb2 O-O
28. Ra2 Ra8 29. Rxa8+ Qxa8 30. Kg1 Na5 31. Nxa5 Qxa5 32. Qd4 Kf8 33. Qb4 Qa7
34. Kf1 Ke8 35. Ke2 Kd8 36. Kd3 Kc7 37. Kd4 Kc6 38. Qa4+ Kc7 39. Qxa7+ 1-0

[Event "Summer Cup"]
[Site "Wellington Chess Club"]
[Date "2017.02.09"]
[Round "3"]
[White "Dive, Russell"]
[Black "Nijman, Brian"]
[Result "1-0"]
[WhiteElo "2440"]
[BlackElo "2192"]

1. Nf3 g6 2. c4 Bg7 3. Nc3 e5 4. g3 Ne7 5. Bg2 O-O 6. O-O c6 7. d4 exd4 8. Nxd4
d5 9. cxd5 Nxd5 10. Nxd5 cxd5 11. Be3 Nc6 12. Qd2 Re8 13. Rfe1 Ne5 14. b3 Ng4
15. Bf4 Qf6 16. e3 g5 17. Bc7 Qh6 18. h3 Nf6 19. g4 Ne4 20. Qb2 Nc5 21. Rad1
Be6 22. Qc2 Rac8 23. Qxc5 Be5 24. Nb5 b6 25. Qc6 Re7 26. Rxd5 Bxc7 27. Nxc7 Qf6
28. Rf5 Qg6 29. Nd5 Ree8 30. Qb7 Bxf5 31. gxf5 Qxf5 32. Ne7+ {Black lost on
time (and on position)} 1-0